LEADER 00771nam a2200205 i 4500 001 991004346038407536 005 20241007095631.0 008 241007s1969 it drf 001 0 ita d 040 $aBibl. Dip.le Aggr. Scienze Umane e Sociali$bita$cSocioculturale Scs 041 0 $aita 082 04$a233$223 100 1 $aSaitta, Armando$050346 245 10$aStato senza scettro e cittadini principi :$bmanuale di educazione civica per il triennio delle scuole medie superiori /$cArmando Saitta 250 $aRistampa 260 $aMessina ;$aFirenze :$bD'Anna,$c1969 300 $a218 p. ;$c24 cm 650 4$aEducazione civica$xScuole medie inferiori$vTesti scolastici 912 $a991004346038407536 996 $aStato senza scettro e cittadini principi$94215869 997 $aUNISALENTO